00355nam a2200145Ia 4500008004100000020001500041041000800056082001600064100001400080245004000094250000600134260004700140300000800187650001400195210716s2004 xx 000 0 und d a8178667959 aeng a658.81 JHAS aJha, S M. aMarketing non profit organisations. a1 aNew DelhibHimalaya Publishing Housec2004 a468 aMarketing